000 00795cam a2200265 4500
001 B2840
008 090401t1990 xxu||||| |||| 00| 0 eng d
035 _a(Sirsi) u52494
041 _aeng
050 _a690.25
110 _aBuilding Research Establishment
245 _aDrainage stacks - avoiding roof penetration.
260 _aGarston,Watford
_bBuilding Research Establishment
_c1990
300 _a1 sheet : ill. ; 30cm.
350 _a0
490 _aDefect Action Sheet
_v143 (Design)
490 _aDAS
_v143
650 _aBUILDING DEFECTS
650 _aRAIN PENETRATION
650 _aROOFING
650 _aBUILT ENVIRONMENT-BUILDING ELEMENTS-COMPLETE BUILDING ELEMENTS-ROOFS
690 _aBUILDING AND CONSTRUCTION-DEFECTS AND FAILURES
942 _n0
948 _c04/03/1997
999 _c93088
_d93088